Gares du Transilien situées hors d’Île de France - Statistiques

Statistiques générales
  • Ce quiz a été pris 109 fois
  • Le résultat moyen est 15 sur 29
Statistiques - réponses
Hint Département Réponse % Correct
D Oise Creil
93%
H Oise Creil
93%
N Eure-et-Loir Dreux
81%
R Loiret Montargis
76%
D Oise Chantilly - Gouvieux
74%
J Eure Gisors
73%
P Aisne Château-Thierry
70%
D Loiret Malesherbes
70%
D Oise Orry-la-Ville - Coye
69%
J Eure Vernon - Giverny
67%
K Oise Crépy-en-Valois
61%
D Oise La Borne Blanche
60%
P Aisne La Ferté-Milon
46%
J Oise Chaumont-en-Vexin
43%
H Oise Saint-Leu-d’Esserent
43%
J Oise Trie-Château
43%
P Aisne Nogent-l'Artaud - Charly
40%
H Oise Boran-sur-Oise
37%
J Oise Lavilletertre
37%
J Oise Liancourt-Saint-Pierre
37%
K Oise Nanteuil-le-Haudouin
36%
R Loiret Ferrières - Fontenay
33%
K Oise Le Plessis-Belleville
33%
N Eure-et-Loir Marchezais - Broué
33%
H Oise Précy-sur-Oise
33%
R Loiret Dordives
30%
P Oise Mareuil-sur-Ourcq
29%
K Oise Ormoy-Villers
29%
P Aisne Chézy-sur-Marne
26%
Aucun quiz correspondant
Distribution des résultats
% des personnes avec chaque résultat
Percentile par nombre de réponses
Votre historique - résultats
Vous n’avez pas pris ce quiz